| 000 | 00650nam a2200241Ia 4500 | ||
|---|---|---|---|
| 003 | OSt | ||
| 005 | 20220924123310.0 | ||
| 006 | a|||||r|||| 00| 0 | ||
| 007 | ta | ||
| 008 | 220923b |||||||| |||| 00| 0 urd d | ||
| 020 | _c125.00 | ||
| 024 | _a255266 | ||
| 037 | _cTextual | ||
| 040 |
_aARTS _cARTS _burd |
||
| 041 |
_2urd _aurd |
||
| 082 | _aO164vN7, 168N6 | ||
| 100 |
_aImam Manzar Au. _9192349 |
||
| 245 | 0 | _aAdabiyat-e-jadeed Iran | |
| 260 |
_aMuzaffarpur _bKitabistan _c1996 |
||
| 650 | _aPERSIAN LANGUAGE - HISTORY | ||
| 942 |
_hO164vN7, 168N6 _cTEXL _2CC |
||
| 999 |
_c415167 _d415167 |
||